| 000 | 00469nam a2200133Ia 4500 | ||
|---|---|---|---|
| 008 | 260210s9999 xx 000 0 und d | ||
| 024 | _a12B-43-EL, 12B-52-EL, 12B-57-EL & 12B-77-EL | ||
| 082 | _a620.072 USA | ||
| 100 | _aUsama Bin Rehan, Shayyan Amin, Khizar Amin & Musa Raza | ||
| 245 | 0 | _aPower Line Control and Monitoring System using FPGA | |
| 260 |
_aKarachi: _bUITU, _c2012 |
||
| 600 | _aElectrical Engineering | ||
| 650 | _aBachelor of Engineering (BE) | ||
| 999 |
_c33184 _d33184 |
||